| 000 | 01387nam a22003377a 4500 | ||
|---|---|---|---|
| 999 |
_c29491 _d29462 |
||
| 003 | EG-ScBUE | ||
| 005 | 20210926102138.0 | ||
| 008 | 210925s2017 ua a f b 000 0bara d | ||
| 017 | _a2016/26326 | ||
| 020 | _a9789776510555 | ||
| 040 |
_aEG-ScBUE _bara _erda _cEG-ScBUE _dEG-ScBUE |
||
| 082 | 0 | 4 |
_a962.03 _bح ا ك _222 |
| 100 | 1 |
_aحاكم، محمد، _eمؤلف. |
|
| 245 | 1 | 0 |
_aأيام محمد علي : _bالتمايز الاجتماعي وتوزيع فرص الحياة / _cمحمد حاكم ؛ تقديم عماد أبو غازي. |
| 250 | _aالطبعة الثانية. | ||
| 264 | 1 |
_aالقاهرة : _bدار ابن راشد، _c2017. |
|
| 300 |
_a217 صفحة : _bإيضاحيات ؛ _c20 سم. |
||
| 336 |
_2rdacontent _aنص _btxt |
||
| 337 |
_2rdamedia _aبدون وسيط _bn |
||
| 338 |
_2rdacarrier _aمجلد _bnc |
||
| 490 | 0 | _aتاريخ | |
| 504 | _aيشتمل على إرجاعات ببليوجرافية. | ||
| 541 | _cDonation. | ||
| 600 | 0 | 7 |
_aمحمد علي باشا، _cحاكم مصر، _d1769-1849. _2BUEsh |
| 651 | 7 |
_aمصر _xتاريخ _yالعصر الحديث _yعصر محمد علي (1805-1849). _2BUEsh |
|
| 651 | 7 |
_aمصر _xملوك وحكام _vتراجم. _2BUEsh |
|
| 653 | 7 |
_aBUEsh _bGGEN _cSeptember2021 |
|
| 655 | 7 |
_2BUEsh _vReading book _934232 |
|
| 700 | 1 |
_aأبو غازي، عماد، _eمقدم. |
|
| 942 | _2ddc | ||